000 00840nam a2200253Ia 4500
003 OSt
005 20220930193840.0
006 a|||||r|||| 00| 0
007 ta
008 220926b |||||||| |||| 00| 0 eng d
024 _a12041
037 _cDissertations
040 _aCRL
_cCRL
_beng
041 _2eng
_aeng
100 _aSuman Dinesh Kumar
_9562727
110 _aUniversity of Delhi. Faculty of Medical Sciences. Department of Surgery
245 0 _aComparative evaluation of simple closure and definitive surgery for perforated duodenal ulcer
260 _c1989
650 _aSURGERY
700 _a Dr M S Rawat Supervisor
_9559224
700 _aUniversity of Delhi. Faculty of Medical Sciences. Department of Surgery
942 _cDIS
_2CC
999 _c896999
_d896999